Open Data Biblioteca Nacional de Portugal


República Portuguesa: Ministério da Cultura
Biblioteca Nacional de Portugal

Catálogo da BNP: acesso por Identificadores Unívocos
Registos Bibliográficos associados ao registo de autoridade

Etiqueta de registo: 00000nam 2200025 450
001 2284425
003 http://id.bnportugal.gov.pt/bib/catbnp/2284425
100 ## $a20260415d2026 k y0pory01030103ba
101 0# $aeng$dpor
102 ## $aPT
105 ## $aa m 000yy
106 ## $ar
200 1# $aChemistry and biochemistry of a new class of cynobacterial enzymes$fJoão Pedro Reis$gorient. Pedro Nuno da Costa Leão
210 #9 $aPorto$c[s.n.],$d2026
215 ## $aXXXIII, 266 p.$cil.$d30 cm
328 #1 $aTese dout. Ciências Biomédicas, Instituto de Ciências Biomédicas de Abel Salazar, Universidade do Porto, 2026
700 #1 $aReis,$bJoão Pedro$31995743
702 #1 $aLeão,$bPedro Nuno da Costa$4727$31321995
801 #0 $aPT$bBN$gRPC
966 ## $lBN$mFGMON$x1
971 ## $corlando$d20260415

OpendataBNP@bnportugal.pt | Mais informação sobre acesso aos dados BNP